Statistiche per Elenca la formazione - Finale UEFA Champions League 2006-2007

Clicka qui per fare il quiz!

Statistiche generali

  • Questo quiz è stato fatto 14 volte
  • Il punteggio medio è 14 su 22

Statistiche sulle risposte

RuoloNazioneCalciatore% Corretto
AttaccanteItaliaFilippo Inzaghi
100%
AttaccanteBrasileKaká
100%
DifensoreItaliaPaolo Maldini
100%
DifensoreItaliaAlessandro Nesta
92%
CentrocampitsaItaliaAndrea Pirlo
92%
PortiereBrasileDida
92%
CentrocampitsaItaliaGennaro Gattuso
92%
CentrocampitsaPaesi BassiClarence Seedorf
83%
PortiereSpagnaJosé Manuel Reina
83%
TrequartistaInghilterraSteven Gerrard
75%
CentrocampitsaItaliaMassimo Ambrosini
67%
DifensoreRepubblica CecaMarek Jankulovski
58%
DifensoreItaliaMassimo Oddo
58%
DifensoreInghilterraJamie Carragher
50%
DifensoreNorvegiaJohn Arne Riise
50%
CentrocampitsaArgentinaJavier Mascherano
42%
CentrocampitsaSpagnaXabi Alonso
42%
DifensoreDanimarcaDaniel Agger
25%
DifensoreIrlandaSteve Finna
25%
AlaPaesi BassiBoudewijn Zenden
8%
AttaccantePaesi BassiDirk Kuijt
8%
AlaInghilterraJermaine Pennant
8%

Distribuzione punteggi

Percentile per numero di risposta

Percentuale di utenti per punteggio

I tuoi punteggi nel tempo

Non hai fatto questo quiz